000
00303nam a2200145Ia 4500
008
090124s9999 xx 000 0 und d
082
_b
112685
245
_a
मोहर
250
_a
1
260
_c
1969
300
_a
279
630
_a
मोहर
730
_a
मोहर
942
_c
BOOK
999
_c
158776
_d
158776